000 00467nam a22002177a 4500
003 UA-OsUOA
001 64444
007 ta
008 20091104b un ||||| |||| 00| 0 ukr d
090 _a016
_bТ78
942 _cBK
040 _aUA-OsUOA
_brus
_cUA-OsUOA
_dUA-OsUOA
245 _aТруды
_cБ. И. Козловский
300 _a281 с.
955 _a1
041 _arus
080 _a016
260 _aМ.
_c1958
650 7 _2UDC
999 _c350496
_d350496